[Event "AUS-ch U18"]
[Site "Mooroolbark"]
[Date "2011.01.20"]
[Round "6"]
[White "Matheson, Laurence"]
[Black "Tang, Jonathan"]
[Result "0-1"]
[WhiteElo "2043"]
[BlackElo "1644"]
[PlyCount "130"]
[EventDate "2011.01.15"]
[EventType "swiss"]
[EventRounds "9"]
[EventCountry "AUS"]
[SourceTitle "EXT 2013"]
[Source "ChessBase"]
[SourceDate "2012.11.22"]
[SourceVersion "1"]
[SourceVersionDate "2012.11.22"]
[SourceQuality "1"]

1. d4 d5 2. c4 c6 3. cxd5 cxd5 4. Nc3 Nf6 5. Bf4 Qb6 6. Qb3 Qxd4 7. Bxb8 Rxb8 8. Rd1 Qb6 9. Nxd5 Nxd5 10. Rxd5 Qxb3 11. axb3 Be6 12. Rd3 Bf5 13. Rd2 e5 14. e4 Bxe4 15. Bb5+ Bc6 16. Re2 f6 17. Bxc6+ bxc6 18. f4 Kd7 19. fxe5 fxe5 20. Nf3 Bd6 21. 0-0 Rhe8 22. Nd2 Bc5+ 23. Kh1 Bd4 24. Ra1 Rb7 25. Nf3 Re7 26. h3 Kd6 27. Rae1 c5 28. Nd2 Kd5 29. Ra1 Bxb2 30. Ra6 Re6 31. Ra4 Bd4 32. Re4 Rf6 33. Re1 Re6 34. Re4 Rf6 35. Re1 Rf2 36. Ne4 Rf4 37. Nd2 Rf2 38. Ne4 Rf4 39. Ng5 Rxb3 40. Rxa7 Rf2 41. Rxg7 c4 42. Ne4 Ra2 43. Rd7+ Kc6 44. Rxh7 c3 45. Rh6+ Kd5 46. Rd6+ Kc4 47. Nxc3 Kxc3 48. h4 Kb4 49. h5 Rg3 50. Rg6 Rxg6 51. hxg6 Ra6 52. g3 Rxg6 53. Kg2 Kc4 54. Kf3 Kd5 55. g4 Rf6+ 56. Kg2 e4 57. Kh3 Rf3+ 58. Kg2 Rf2+ 59. Kg3 Rf3+ 60. Kg2 Rf7 61. Kh3 e3 62. g5 Ke4 63. Kg4 Bc3 64. g6 Bxe1 65. gxf7 Bb4 0-1

[Event "AUS-ch U18"]
[Site "Mooroolbark"]
[Date "2011.01.16"]
[Round "3"]
[White "Tang, Jonathan"]
[Black "Chan, Michael1111"]
[Result "1/2-1/2"]
[WhiteElo "1644"]
[BlackElo "1811"]
[PlyCount "189"]
[EventDate "2011.01.15"]
[EventType "swiss"]
[EventRounds "9"]
[EventCountry "AUS"]
[SourceTitle "EXT 2013"]
[Source "ChessBase"]
[SourceDate "2012.11.22"]
[SourceVersion "1"]
[SourceVersionDate "2012.11.22"]
[SourceQuality "1"]

1. d4 d5 2. c4 e6 3. Nf3 c6 4. e3 Nf6 5. b3 Nbd7 6. Bb2 Bd6 7. Bd3 b6 8. 0-0 Qc7 9. Nbd2 Bb7 10. Rc1 h5 11. cxd5 exd5 12. e4 dxe4 13. Nxe4 Nxe4 14. Bxe4 0-0-0 15. d5 c5 16. Nd4 Nf6 17. Bf5+ Kb8 18. Nb5 Bxh2+ 19. Kh1 Qf4 20. Qd3 Rxd5 21. Qh3 Rxf5 22. Qxh2 Qxh2+ 23. Kxh2 Ng4+ 24. Kg1 Rd8 25. f3 Ne3 26. Rfe1 Nd5 27. Be5+ Kc8 28. Nd6+ Rxd6 29. Bxd6 Kd7 30. Re5 Rxe5 31. Bxe5 f6 32. Bb8 a6 33. Kf2 Nb4 34. Rd1+ Kc8 35. Bd6 Nxa2 36. Bf8 Nc3 37. Rd3 Nd5 38. Bxg7 f5 39. Kg3 Kd7 40. Kh4 Ke6 41. Bh6 b5 42. Kxh5 b4 43. Kg5 Kd6 44. Bf8+ Kc6 45. Kxf5 Kb5 46. g4 c4 47. bxc4+ Kxc4 48. Rd2 Kc3 49. Rf2 Ne3+ 50. Kf4 Nd5+ 51. Ke5 b3 52. Ba3 Ne3 53. Bb2+ Kd3 54. g5 a5 55. g6 Ba6 56. Bc1 Bc4 57. Rd2+ Kc3 58. g7 Bg8 59. Ke4 Nc4 60. Rd8 Bh7+ 61. Kd5 b2 62. Bxb2+ Nxb2 63. g8Q Bxg8+ 64. Rxg8 a4 65. f4 Nd1 66. Rg3+ Kb2 67. f5 Nc3+ 68. Ke5 a3 69. f6 Na4 70. f7 Nc5 71. Kd5 Nd7 72. Kd6 Nf8 73. Rg7 a2 74. Ke7 Nh7 75. Rxh7 a1Q 76. Rg7 Qa3+ 77. Ke8 Qe3+ 78. Kf8 Qc5+ 79. Kg8 Qd5 80. Kh8 Qd8+ 81. Kh7 Qh4+ 82. Kg8 Qc4 83. Rg6 Qd5 84. Kg7 Qe5+ 85. Kh7 Qh5+ 86. Kg7 Qe5+ 87. Kg8 Qd5 88. Rg4 Qe6 89. Rg5 Qc4 90. Kg7 Qd4+ 91. Kh7 Qh4+ 92. Kg6 Qe4+ 93. Kg7 Qd4+ 94. Kh6 Qh4+ 95. Kg6 1/2-1/2